[Event "Michigan Class D/E"]
[Site "Auburn Hills, MI"]
[Date "2002.04.27"]
[Round "3.1"]
[White "Cendrowski, Chris"]
[Black "Dillabough, Tracey"]
[Result "0-1"]
[WhiteElo "1329"]
[BlackElo "1357"]
[Annotator "Tim McGrew"]
[PlyCount "34"]
[EventDate "2002.04.26"]

{Pirc: Austrian (Weiss)} 1. e4 d6 2. d4 Nf6 3. Nc3 g6 4. f4 Bg7 5. Nf3 O-O 6.
Bd3 c5 7. dxc5 Qa5 8. cxd6 Nc6 9. dxe7 Re8 {Well, what are we to think of
Black's giving away all of those center pawns? With sensible play White should
be fine here. But Black does have a lot of pieces in play so White needs to
exercise some caution...} 10. Bd2 Rxe7 11. O-O $2 {Oops! This gives back a
pawn, though White should still be better.} (11. e5 $1 {would be helpful here
to block the long dark diagonal.} Qb6 12. Rb1 Bg4 13. h3 Bxf3 14. Qxf3 $18)
11... Qb6+ 12. Kh1 Bg4 {Why not take the pawn?} (12... Qxb2 13. Rb1 Qa3 14. Rb3
Qc5 15. e5 Ng4 16. Ne4 $1 {and White is still well on top, but at least Black
has something to show for his pains.}) 13. e5 $1 {Finally hitting on the right
idea. White should be winning here.} Nxe5 $5 {in desperation, Black correctly
tries to capitalize on what is left of his piece activity. Since nothing else
works, this cannot be called a blunder even though it should not succeed.} 14.
fxe5 Rxe5 15. Re1 Rh5 {When all else fails, move everything over to the
neighborhood of the enemy king!} 16. Rb1 Qd6 {Red alert! White needs to think
about defending h2.} 17. g3 $4 {Not this way!} ({The right way is} 17. Re2 $1
Bxf3 18. gxf3 {and the rook defends h2 across the second rank.}) 17... Qxg3 {
Black mates in a few moves.} 0-1

[Event "Michigan Class B"]
[Site "Auburn Hills, MI"]
[Date "2002.04.27"]
[Round "2.3"]
[White "Carr, Jay"]
[Black "Schey, Danny"]
[Result "0-1"]
[WhiteElo "1600"]
[BlackElo "1641"]
[PlyCount "50"]
[EventDate "2002.04.26"]

1. c4 e5 2. Nc3 Bb4 3. g3 Nf6 4. Bg2 O-O 5. e3 Bxc3 6. bxc3 d6 7. e4 Nc6 8. Ne2
Be6 9. d3 Ne8 10. O-O f5 11. f4 fxe4 12. Bxe4 Nf6 13. Bg2 Qe8 14. fxe5 Nxe5 15.
Bf4 Bg4 16. Rf2 Qh5 17. Qd2 Nf3+ 18. Bxf3 Bxf3 19. Nd4 Bg4 20. Raf1 Rae8 21.
Bg5 Bh3 22. Rb1 Ng4 23. Rxf8+ Rxf8 24. Be3 c5 25. Ne6 Ne5 0-1

[Event "Michigan Masters/Experts"]
[Site "Auburn Hills, MI"]
[Date "2002.04.27"]
[Round "1.12"]
[White "Calton, Bill"]
[Black "Jarosz, Stan"]
[Result "1/2-1/2"]
[WhiteElo "2209"]
[BlackElo "2051"]
[PlyCount "87"]
[EventDate "2002.04.26"]

1. d4 d5 2. Nf3 Nf6 3. e3 Bf5 4. Nbd2 e6 5. Ne5 h6 6. g4 Bh7 7. h4 Ne4 8. Nxe4
Bxe4 9. f3 Bh7 10. Qe2 c6 11. c3 Be7 12. Qf2 Nd7 13. Nd3 Qc7 14. a4 Bd6 15. Rg1
O-O-O 16. b4 Bxd3 17. Bxd3 e5 18. Ba3 exd4 19. cxd4 Rde8 20. Kf1 Kb8 21. Kg2
Qd8 22. b5 Bxa3 23. bxc6 Bd6 24. cxd7 Re7 25. Bf5 g6 26. Bd3 Qxd7 27. Rab1 Qxa4
28. Rb5 Qa3 29. Qd2 Rc8 30. Rxd5 Bb4 31. Qe2 Rxe3 32. Qxe3 Qa2+ 33. Kh3 Qxd5
34. Be4 Qd7 35. Rb1 a5 36. Qf4+ Rc7 37. Qxh6 Qxd4 38. Qg5 Qd2 39. Qf6 Bd6 40.
Rb2 Qf4 41. Qd8+ Ka7 42. Rxb7+ Rxb7 43. Qxa5+ Kb8 44. Qd8+ 1/2-1/2

[Event "Michigan Class C"]
[Site "Auburn Hills, MI"]
[Date "2002.04.27"]
[Round "3.7"]
[White "Biache, August"]
[Black "Foord, Larry"]
[Result "0-1"]
[WhiteElo "1455"]
[BlackElo "1506"]
[PlyCount "100"]
[EventDate "2002.04.26"]

1. e4 e5 2. Nf3 Nc6 3. Bc4 Be7 4. O-O Nf6 5. d3 O-O 6. a3 h6 7. c3 d6 8. h3 b6
9. b4 a6 10. a4 Bb7 11. Ba3 Qd7 12. b5 axb5 13. Bxb5 Qc8 14. Nbd2 Qd8 15. Re1
Kh8 16. d4 exd4 17. cxd4 Na7 18. Bd3 Qd7 19. e5 Nd5 20. Ne4 Nc8 21. Bb5 Bc6 22.
Qb3 Nf4 23. Ng3 Bxb5 24. axb5 Ra5 25. Rab1 Na7 26. exd6 cxd6 27. Nf5 Qxf5 28.
Rxe7 Rxb5 29. Bb4 Nc6 30. Nh4 Qf6 31. Qc4 Rxb4 32. Rxb4 Nxb4 33. Qc7 Nbd5 34.
Rxf7 Nxc7 35. Rxf6 Rxf6 36. Kh2 Nb5 37. g3 Nd5 38. f4 Nxd4 39. Kh1 b5 40. Kg1
b4 41. Kh2 b3 42. f5 Nxf5 43. Nxf5 Rxf5 44. g4 Rf3 45. Kg2 Re3 46. h4 b2 47. g5
b1=Q 48. gxh6 Qc2+ 49. Kf1 Qe2+ 50. Kg1 Rg3+ 0-1

[Event "Michigan Class B"]
[Site "Auburn Hills, MI"]
[Date "2002.04.27"]
[Round "2.13"]
[White "Avery, Bill"]
[Black "West, Tony"]
[Result "0-1"]
[WhiteElo "1686"]
[BlackElo "1797"]
[PlyCount "82"]
[EventDate "2002.04.26"]

1. d4 d5 2. Nf3 Nf6 3. Bg5 e6 4. e3 Be7 5. Bd3 c5 6. c3 Nc6 7. h3 cxd4 8. exd4
h6 9. Bh4 O-O 10. O-O Qc7 11. Re1 a6 12. Nbd2 b5 13. Nb3 Nb8 14. Nc5 Nbd7 15.
b4 Bd6 16. Bxf6 Nxf6 17. a4 bxa4 18. Rxa4 a5 19. Qc2 Bd7 20. Nxd7 Nxd7 21. b5
Nb6 22. Ra2 Rfc8 23. c4 Nxc4 24. Rb1 Qb6 25. Qb3 Bb4 26. Ne5 Nd2 27. Qb2 Nxb1
28. Qxb1 Qxd4 29. Bh7+ Kf8 30. Nd7+ Ke7 31. b6 Kxd7 32. b7 Rab8 33. bxc8=Q+
Rxc8 34. Bc2 Qc3 35. Ba4+ Kd8 36. Kf1 Qc1+ 37. Qxc1 Rxc1+ 38. Ke2 Ke7 39. f3
Kd6 40. Kd3 e5 41. Re2 Rc3+ 0-1

[Event "Michigan Class C"]
[Site "Auburn Hills, MI"]
[Date "2002.04.27"]
[Round "2.11"]
[White "Aldrich, Justin"]
[Black "Dillabough, Troy"]
[Result "0-1"]
[WhiteElo "1599"]
[BlackElo "1444"]
[PlyCount "112"]
[EventDate "2002.04.26"]

1. e4 e5 2. Nf3 Nc6 3. Bc4 Nf6 4. Nc3 Nxe4 5. Bxf7+ Kxf7 6. Nxe4 d5 7. Nfg5+
Kg8 8. Qf3 Qe7 9. Nc3 Nb4 10. Nxd5 Nxc2+ 11. Kd1 Qxg5 12. Kxc2 e4 13. Qxe4 Bf5
14. d3 Bxe4 15. Bxg5 Bxd5 16. f3 Re8 17. Rhe1 Rxe1 18. Rxe1 Kf7 19. b3 Bd6 20.
h3 Re8 21. Rxe8 Kxe8 22. Be3 b6 23. Bd4 Kf7 24. Bf2 a5 25. Be1 Ke6 26. Bc3 g6
27. Be1 Kf5 28. Bf2 Kf4 29. Kd2 h5 30. Ke2 a4 31. bxa4 Bxa2 32. g3+ Ke5 33. Be1
Kd5 34. g4 h4 35. Bxh4 Bb3 36. a5 bxa5 37. Bf6 a4 38. Bb2 a3 39. Bxa3 Bxa3 40.
h4 Kd4 41. h5 gxh5 42. gxh5 Bf7 43. h6 Bg6 44. f4 Bxd3+ 45. Kf3 c5 46. Kg4 Bh7
47. Kg5 c4 48. f5 Bc1+ 49. Kf6 Bxh6 50. Ke6 c3 51. f6 c2 52. f7 c1=Q 53. Ke7
Qc7+ 54. Ke8 Qe5+ 55. Kd7 Bf5+ 56. Kd8 Bg5# 0-1

[Event "Michigan Class A"]
[Site "Auburn Hills, MI"]
[Date "2002.04.27"]
[Round "1.14"]
[White "Aldrich, Jeff"]
[Black "Skidmore, Mike"]
[Result "1-0"]
[WhiteElo "1908"]
[BlackElo "1828"]
[PlyCount "61"]
[EventDate "2002.04.26"]

1. d4 g6 2. c4 Bg7 3. Nc3 Nf6 4. e4 d6 5. f3 O-O 6. Be3 Re8 7. Qd2 Nbd7 8. Nh3
c5 9. d5 Ne5 10. Nf2 a6 11. Be2 Bd7 12. Bh6 Bh8 13. a4 Qa5 14. O-O Rab8 15. f4
Neg4 16. Nxg4 Bxg4 17. e5 Bxe2 18. Qxe2 Nd7 19. e6 Bd4+ 20. Kh1 Nf8 21. f5 Bg7
22. exf7+ Kxf7 23. fxg6+ Kg8 24. gxh7+ Kxh7 25. Bxg7 Kxg7 26. Qf3 Ng6 27. Qf7+
Kh6 28. Rf3 Rf8 29. Rh3+ Kg5 30. Rg3+ Kh6 31. Qxg6# 1-0

[Event "Michigan Class A"]
[Site "Auburn Hills, MI"]
[Date "2002.04.27"]
[Round "3.4"]
[White "Aldrich, Jeff"]
[Black "Morris, Jewell"]
[Result "1-0"]
[WhiteElo "1908"]
[BlackElo "1847"]
[PlyCount "59"]
[EventDate "2002.04.26"]

1. d4 c6 2. c4 d5 3. Nc3 Nf6 4. Nf3 e6 5. Bg5 Nbd7 6. e3 Be7 7. Qc2 O-O 8. Bd3
dxc4 9. Bxc4 h6 10. h4 Re8 11. O-O-O b5 12. Bb3 a5 13. Ne5 a4 14. Bxe6 fxe6 15.
Bxh6 Nf8 16. Bf4 Bd6 17. h5 Bxe5 18. dxe5 N6d7 19. Ne4 Qe7 20. Bg5 Qb4 21. Nd6
Ba6 22. h6 Qc5 23. Qxc5 Nxc5 24. hxg7 Nh7 25. Bf6 b4 26. Rxh7 Nd3+ 27. Kb1 Kxh7
28. Rh1+ Kg6 29. Nxe8 Rxe8 30. Rh8 1-0

[Event "Michigan Class D/E"]
[Site "Auburn Hills, MI"]
[Date "2002.04.27"]
[Round "1.14"]
[White "Aguilar, Javier"]
[Black "Whatling, David"]
[Result "1-0"]
[WhiteElo "1226"]
[BlackElo "1158"]
[PlyCount "127"]
[EventDate "2002.04.26"]

1. d4 Nf6 2. c4 e6 3. g3 Bb4+ 4. Bd2 Bxd2+ 5. Nxd2 d5 6. Bg2 Nc6 7. Ngf3 O-O 8.
O-O Re8 9. e3 e5 10. cxd5 Nxd5 11. dxe5 Bg4 12. Qb3 Bxf3 13. Nxf3 Rb8 14. Rfd1
Nce7 15. e4 c6 16. exd5 Nxd5 17. Rac1 h6 18. Re1 Nc7 19. Rcd1 Qe7 20. Rd3 Rbd8
21. Rxd8 Qxd8 22. Rd1 Qe7 23. Bh3 Nd5 24. Re1 Rd8 25. Bg2 g6 26. Qa4 a6 27. Qh4
Qf8 28. e6 fxe6 29. Rxe6 Rd6 30. Rxd6 Qxd6 31. Qxh6 Ne7 32. Ng5 Qd1+ 33. Bf1
Qh5 34. Bc4+ Nd5 35. Bxd5+ cxd5 36. Qxh5 gxh5 37. Ne6 Kf7 38. Nd8+ Kf6 39. Nxb7
Kf5 40. Nc5 a5 41. Kf1 Ke5 42. Ke2 d4 43. Kd3 Kd5 44. Nb3 Ke5 45. Nxa5 Kd5 46.
f4 Kc5 47. Nb3+ Kd5 48. a4 Kd6 49. Kxd4 Ke6 50. a5 Kd6 51. a6 Kc6 52. f5 h4 53.
gxh4 Kb6 54. f6 Kxa6 55. f7 Kb6 56. f8=Q Kc6 57. Qc5+ Kd7 58. Ke5 Kd8 59. Kd6
Ke8 60. Qc7 Kf8 61. Nd4 Kg8 62. Nf5 Kf8 63. Qg7+ Ke8 64. Qe7# 1-0

[Event "Michigan Class D/E"]
[Site "Auburn Hills, MI"]
[Date "2002.04.27"]
[Round "3.8"]
[White "Aguilar, Javier"]
[Black "Gregg, Ted"]
[Result "0-1"]
[WhiteElo "1226"]
[BlackElo "1162"]
[PlyCount "120"]
[EventDate "2002.04.26"]

1. d4 f5 2. Nf3 Nf6 3. g3 e6 4. Bg2 Be7 5. c4 O-O 6. O-O d6 7. Nc3 Ne4 8. Qc2
Nxc3 9. Qxc3 Bf6 10. Bf4 Nc6 11. Rfd1 Qe8 12. Bg5 Qg6 13. Bxf6 Qxf6 14. Rac1
Ne7 15. c5 d5 16. Ne5 Ng6 17. f4 h5 18. Rd3 h4 19. Qe1 Nxe5 20. dxe5 Qg6 21.
Qf2 Kf7 22. c6 b6 23. gxh4 Rh8 24. Rg3 Qh6 25. Rh3 a5 26. Rcc3 Ba6 27. Rcg3
Rag8 28. e4 fxe4 29. f5 Qc1+ 30. Bf1 Qxf1+ 31. Qxf1 Bxf1 32. Kxf1 exf5 33. Rg5
g6 34. Rhg3 Rxh4 35. Rg2 Rh6 36. Ke2 Ke6 37. h4 Kxe5 38. h5 Kf6 39. Ke3 Kf7 40.
Kf4 Rxh5 41. Rxh5 gxh5 42. Rh2 Kf6 43. Rxh5 Rg4+ 44. Ke3 Ke5 45. Rh7 Kd6 46.
Kd4 Kxc6 47. Rh6+ Kb5 48. Kxd5 e3 49. Re6 f4 50. Ke4 c5 51. Kf3 Rh4 52. a3 c4
53. a4+ Kc5 54. Rf6 b5 55. Rf5+ Kd4 56. axb5 Rh2 57. Rxf4+ Kd3 58. Rf5 Rf2+ 59.
Kg4 Rxf5 60. Kxf5 e2 0-1

[Event "Michigan Class D/E"]
[Site "Auburn Hills, MI"]
[Date "2002.04.28"]
[Round "4.4"]
[White "Winowski, Joe"]
[Black "Vasos, John"]
[Result "1-0"]
[WhiteElo "1211"]
[BlackElo "1173"]
[PlyCount "63"]
[EventDate "2002.04.26"]

1. e4 e5 2. Nf3 Nc6 3. Bc4 Bc5 4. c3 Nf6 5. d4 exd4 6. cxd4 Bb4+ 7. Bd2 Bxd2+
8. Nbxd2 d5 9. exd5 Nxd5 10. O-O O-O 11. Qc2 Be6 12. Bd3 Nf6 13. Ng5 h6 14.
Nxe6 fxe6 15. Nf3 Nb4 16. Qb3 Nxd3 17. Qxd3 Nd5 18. Rfe1 Qf6 19. Re5 Rae8 20.
Rae1 Re7 21. Qc2 c6 22. R1e4 Qf7 23. Nh4 g5 24. Rg4 Kg7 25. Nf3 Nf4 26. h4 Kh8
27. hxg5 Nh3+ 28. Kh2 Nxg5 29. Nxg5 Qh5+ 30. Kg3 hxg5 31. Rexg5 Qf7 32. Rh4+
1-0

[Event "Michigan Class D/E"]
[Site "Auburn Hills, MI"]
[Date "2002.04.28"]
[Round "4.9"]
[White "Whatling, David"]
[Black "Stapel, Scott"]
[Result "1-0"]
[WhiteElo "1158"]
[BlackElo "975"]
[PlyCount "105"]
[EventDate "2002.04.26"]

1. e4 e5 2. f4 d6 3. Nf3 Bg4 4. Bc4 Nf6 5. Bxf7+ Kxf7 6. Ng5+ Ke7 7. Nf3 Nxe4
8. d3 Nf6 9. O-O Nc6 10. c3 Qd7 11. Qb3 b6 12. Be3 Re8 13. Nbd2 Bxf3 14. Nxf3
Kd8 15. Rad1 Kc8 16. a4 Na5 17. Qa2 exf4 18. Bxf4 Qc6 19. b4 Nd5 20. Bd2 Nb7
21. c4 Ne3 22. Bxe3 Rxe3 23. Nd4 Qe8 24. b5 d5 25. Nc6 Bc5 26. Kh1 Re2 27. Rd2
Rxd2 28. Qxd2 Rf8 29. Re1 Qf7 30. Qd1 Nd6 31. Ne5 Qf2 32. Nf3 Qb2 33. d4 Ne4
34. Qc1 Qxc1 35. Rxc1 Be7 36. Re1 Re8 37. cxd5 Bb4 38. Rc1 Nf6 39. Ne5 Nxd5 40.
Nc6 Re1+ 41. Rxe1 Bxe1 42. Nxa7+ Kb7 43. Nc6 Nc3 44. Nd8+ Kc8 45. Ne6 c6 46.
bxc6 Nxa4 47. d5 b5 48. d6 b4 49. d7+ Kb8 50. d8=Q+ Ka7 51. Qa5+ Kb8 52. Qc7+
Ka8 53. Qb7# 1-0

[Event "Michigan Class B"]
[Site "Auburn Hills, MI"]
[Date "2002.04.28"]
[Round "4.5"]
[White "West, Tony"]
[Black "DeFrayne, Don"]
[Result "0-1"]
[WhiteElo "1797"]
[BlackElo "1731"]
[PlyCount "96"]
[EventDate "2002.04.26"]

1. e4 d5 2. exd5 Nf6 3. Nf3 Bg4 4. Nc3 Nxd5 5. d4 Nc6 6. Be2 e6 7. h3 Bh5 8.
O-O Bd6 9. Ne4 Qe7 10. Nxd6+ Qxd6 11. c4 Nde7 12. Be3 Nf5 13. Qb3 O-O 14. Rad1
Rfd8 15. Rfe1 Qb4 16. Qc2 Bxf3 17. Bxf3 Ncxd4 18. Bxd4 Nxd4 19. Qe4 Nxf3+ 20.
Qxf3 Qxb2 21. Rb1 Qxa2 22. Qxb7 Qxc4 23. Rec1 Qf4 24. Rxc7 h6 25. Re1 a5 26.
Rd7 Qb4 27. Rxd8+ Rxd8 28. Qxb4 axb4 29. Rb1 Rd4 30. Kf1 Kf8 31. Ke2 Ke7 32.
Ke3 e5 33. Ra1 g5 34. Ra5 f6 35. Rb5 Kd6 36. Rb6+ Kc5 37. Rxf6 b3 38. Rf8 Rb4
39. Rc8+ Kd5 40. Rd8+ Ke6 41. Rd1 e4 42. Rb1 Kd5 43. Rd1+ Kc5 44. Rc1+ Rc4 45.
Kd2 Rxc1 46. Kxc1 Kd4 47. Kb2 Kd3 48. Kxb3 Ke2 0-1

[Event "Michigan Class D/E"]
[Site "Auburn Hills, MI"]
[Date "2002.04.28"]
[Round "4.3"]
[White "West, Aaron"]
[Black "Waltz, Glenn"]
[Result "1-0"]
[WhiteElo "1094"]
[BlackElo "1316"]
[PlyCount "81"]
[EventDate "2002.04.26"]

1. e4 d5 2. e5 Nc6 3. d4 Bf5 4. Bb5 e6 5. Ne2 Nge7 6. c3 a6 7. Bd3 Bxd3 8. Qxd3
Ng6 9. Nd2 Be7 10. O-O O-O 11. f4 f5 12. Qh3 Rf7 13. Nf3 h6 14. Nd2 Qd7 15. g4
fxg4 16. Qxg4 Nh8 17. Nf3 Raf8 18. Kh1 g6 19. Rg1 Rg7 20. Ng3 h5 21. Nxh5 Rh7
22. Nh4 Bxh4 23. Qxh4 Rxh5 24. Qxh5 Qg7 25. Qg4 Rf5 26. Be3 Nd8 27. Bf2 Ndf7
28. Qh4 Kf8 29. Rac1 b5 30. b3 Qh6 31. Qxh6+ Nxh6 32. Bh4 Ng8 33. c4 dxc4 34.
bxc4 bxc4 35. Bg3 Ne7 36. Rxc4 Nd5 37. Rc6 Ke7 38. Rxa6 Ne3 39. a4 g5 40. fxg5
Rxg5 41. Bh4 1-0

[Event "Michigan Class D/E"]
[Site "Auburn Hills, MI"]
[Date "2002.04.28"]
[Round "5.5"]
[White "Waltz, Glenn"]
[Black "Ford, Adam"]
[Result "0-1"]
[WhiteElo "1316"]
[BlackElo "1198"]
[PlyCount "73"]
[EventDate "2002.04.26"]

1. e4 e5 2. Nf3 Nc6 3. Bb5 Nd4 4. Nxd4 exd4 5. Bc4 Bc5 6. d3 Nf6 7. Bg5 d6 8.
Nd2 Bg4 9. Nf3 Qe7 10. O-O Be6 11. Bb5+ c6 12. Ba4 Bg4 13. Re1 O-O-O 14. e5
dxe5 15. Rxe5 Qxe5 16. Nxe5 Bxd1 17. Rxd1 Rhf8 18. a3 Rde8 19. f4 Nd5 20. Bb3
f6 21. Bh4 fxe5 22. fxe5 Rxe5 23. Bg3 Ref5 24. Bxd5 Rxd5 25. Rd2 Rdf5 26. Bf2
Bd6 27. g3 h5 28. Bxd4 Bc5 29. Bxc5 Rxc5 30. c3 Re5 31. Kg2 Rfe8 32. Kf2 Rf8+
33. Kg2 Re3 34. d4 Ref3 35. Rc2 g5 36. c4 h4 37. g4 0-1

[Event "Michigan Class D/E"]
[Site "Auburn Hills, MI"]
[Date "2002.04.28"]
[Round "5.7"]
[White "Vasos, John"]
[Black "Aguilar, Javier"]
[Result "0-1"]
[WhiteElo "1173"]
[BlackElo "1226"]
[PlyCount "106"]
[EventDate "2002.04.26"]

1. d4 d5 2. Bf4 e6 3. e3 Nf6 4. c4 c6 5. c5 Be7 6. Bd3 O-O 7. Nf3 Nbd7 8. Ne5
Nxe5 9. Bxe5 Ne4 10. Nd2 Nxd2 11. Qxd2 Bf6 12. Bxf6 Qxf6 13. Qc2 g6 14. O-O e5
15. Qc3 e4 16. Be2 Qg5 17. Kh1 h5 18. f4 exf3 19. Bxf3 Re8 20. Rae1 Re7 21. e4
dxe4 22. Rxe4 Rxe4 23. Bxe4 Be6 24. b3 Re8 25. Qf3 Re7 26. Qf6 Qxf6 27. Rxf6
Bd5 28. Bd3 Re1+ 29. Rf1 Re3 30. Bb1 Re2 31. Rg1 Rd2 32. h3 Rxd4 33. Kh2 Rd2
34. Kg3 Kg7 35. h4 Re2 36. Kh3 Re3+ 37. g3 Rc3 38. b4 Rc4 39. a3 Rc3 40. Re1
Be6+ 41. Kg2 Rxa3 42. Kf2 Rb3 43. Ba2 Rb2+ 44. Re2 Rxe2+ 45. Kxe2 Bxa2 46. Kd3
Kf6 47. Ke4 Bd5+ 48. Kf4 b6 49. Ke3 bxc5 50. bxc5 a5 51. Kd4 a4 52. Kc3 a3 53.
Kc2 a2 0-1

[Event "Michigan Class D/E"]
[Site "Auburn Hills, MI"]
[Date "2002.04.28"]
[Round "4.6"]
[White "Vasos, Brandon"]
[Black "Gregg, Ted"]
[Result "1-0"]
[WhiteElo "1114"]
[BlackElo "1162"]
[PlyCount "113"]
[EventDate "2002.04.26"]

1. e4 d6 2. Nf3 Nf6 3. Nc3 g6 4. Bc4 Bg7 5. d4 O-O 6. Qe2 Bg4 7. h3 Bxf3 8.
Qxf3 c6 9. Be3 Nbd7 10. O-O Qc7 11. a3 e5 12. d5 cxd5 13. Bxd5 a6 14. Bb3 Nc5
15. Nd5 Nxd5 16. Bxd5 Rac8 17. b4 Na4 18. Bb3 Nb6 19. Rfd1 Rfd8 20. Bxb6 Qxb6
21. Qxf7+ Kh8 22. Rd2 Rc7 23. Qe6 Bh6 24. Qf6+ Rg7 25. Rd5 Bf4 26. Rad1 h5 27.
Rxd6 Rxd6 28. Qf8+ Kh7 29. Rxd6 Qc7 30. Rd8 Kh6 31. Rc8 Qe7 32. Qxe7 Rxe7 33.
Bd5 Bc1 34. a4 Ba3 35. c3 Bb2 36. Kf1 Kg5 37. Ke2 Kf6 38. Rf8+ Kg7 39. Rg8+ Kf6
40. Kd2 a5 41. bxa5 Ba3 42. Rb8 Bc5 43. Ke2 Bd6 44. Rxb7 Rxb7 45. Bxb7 Bc5 46.
Kf3 g5 47. Kg3 Ke7 48. h4 Kf6 49. f3 Be3 50. hxg5+ Kxg5 51. a6 h4+ 52. Kh3 Bc5
53. Bd5 Bf2 54. c4 Kf6 55. Kg4 Ke7 56. a7 Bxa7 57. Kxh4 1-0

[Event "Michigan Class A"]
[Site "Auburn Hills, MI"]
[Date "2002.04.28"]
[Round "4.1"]
[White "Vandivier, Don"]
[Black "Hamood, Al"]
[Result "0-1"]
[WhiteElo "1950"]
[BlackElo "1990"]
[Annotator "Don Vandivier"]
[PlyCount "62"]
[EventDate "2002.04.26"]

{Al Hamood: Sicilian: Barnes (Bastrikov)} 1. e4 {Al Hamood} c5 2. Nf3 e6 3. d4
cxd4 4. Nxd4 Nc6 5. Nc3 Qc7 6. Be3 a6 7. Qd2 $6 (7. Bd3 Nf6 8. O-O Bb4 9. Nxc6
bxc6 10. Na4) 7... Nf6 8. Be2 {Al Hamood: 'In this line, Be2 is something of a
waste of time. Theory is f3 and O-O-O straight away'} Bb4 9. f3 d5 10. Nxc6 (
10. a3 $1 {White's Bishop pair dominate the game after:} Bxc3 11. Qxc3 dxe4 12.
Nxc6 Qxc6 13. Qxc6+ bxc6 14. fxe4 Nxe4 15. Bf3 f5 16. Rd1 Rb8 17. Bd4 Rg8 18.
Bxe4 fxe4 19. b4) 10... bxc6 11. exd5 $6 (11. a3 $5 Be7 (11... Bxc3 12. Qxc3 e5
13. Bg5 d4 (13... Qd6 14. Rd1 d4 15. Qa5 O-O 16. c3 c5 17. b4 $1 cxb4 18. cxd4
$1 exd4 19. Qxb4 Qxb4+ 20. axb4 Rd8 21. e5 h6 22. Be3 $1) 14. Qc5) 12. O-O)
11... cxd5 12. O-O $6 (12. Bd4 $1 e5 13. Qe3 Nd7 14. f4 e4 15. O-O) 12... O-O
13. a3 Bd6 14. f4 Rb8 15. b4 Bb7 16. Bd4 Ne4 $6 {Al Hamood: 'Not such an easy
decision. Black's activity is increased, but white picks up a dangerous
looking queenside majority'} 17. Nxe4 dxe4 18. c4 Rfd8 19. Qc3 $2 ({Better is:
} 19. Qe3 $5 Bxf4 20. Rxf4 e5 21. Bxe5 Qxe5 22. Raf1 f6 23. c5) 19... Bxf4 20.
Bxg7 Bxh2+ 21. Kh1 f5 ({Also winning is:} 21... Qg3 22. Bh5 f5 23. Qf6 Qxg7 24.
Qxe6+ Kh8 25. Kxh2 Rd2 26. Rg1 e3) 22. Qf6 Qxg7 23. Qxe6+ Kh8 24. Kxh2 Rd2 {Al
Hamood: 'White has the pawn back, but has allowed a winning attack.'} 25. Rae1
e3 ({If you ever think you've played a really nice attacking game, I suggest
you don't give it to Fritz. This wins, but much cleaner is} 25... Rg8 {Al
Hamood} 26. Rf2 Qg3+ 27. Kg1 Rd6 $1 {a move I missed during the game, and
White, without Qf6+, has no defense to .. .e3 and it's curtains. In fact 27...
e3 wins here too, but ...Rd6! is much stronger.}) 26. g4 Qc7+ 27. Kh3 fxg4+ 28.
Qxg4 Rg8 29. Qf4 Bc8+ {Al Hamood: 'Played to encourage White's next, this move
is quite bad.'} (29... Bg2+ $142 {Al Hamood} 30. Kh4 Qg7 31. Qf6 Bxf1 32. Qxg7+
Rxg7 33. Bxf1 $19) 30. Kh2 ({Also losing is:} 30. Kh4 Qe7+ 31. Qf6+ Qxf6+ 32.
Rxf6 Rd4+ 33. Kh5 Bd7 34. Rh1 Rd2 35. Bf3 Be8+ (35... Rf2 {(Al Hamood) And
Black is winning easily, but in a practical sense, there are many more moves
for Black to find!}) 36. Kh6 Rf2 37. Rh3 e2 38. Re6 Rg6+) 30... Rd4 31. Qxc7
Rh4# 0-1